Najwięksi nieobecni na Mistrzostwach Świata 2022 - Statystyki

Ogólne statystyki
  • Ten quiz został rozwiązany 316 razy
  • Średni wynik to 12 z 20
Statystyki odpowiedzi
Pozycja w rankingu FIFA Reprezentacja % Poprawnych
6 Włochy
96%
33 Rosja
77%
25 Szwecja
75%
27 Ukraina
74%
17 Kolumbia
71%
42 Norwegia
70%
29 Chile
69%
35 Czechy
64%
39 Egipt
62%
23 Peru
58%
40 Szkocja
58%
49 Irlandia
57%
34 Austria
56%
45 Turcja
54%
36 Węgry
51%
47 Paragwaj
45%
32 Nigeria
42%
37 Algieria
40%
48 Wybrzeże Kości Słoniowej
32%
46 Mali
11%
Nie znaleziono quizów pasujących do podanych kryteriów
Rozkład punktacji
Procent ludzi z każdym wynikiem
Percentyl według liczby udzielonych odpowiedzi
Twoja historia wyników
Nie rozwiązałeś tego quizu